Градоначелници Београда - Statistics

General Stats
  • This quiz has been taken 87 times
    85 since last reset
  • The average score is 4 of 20
Answer Stats
Градоначелник % Correct
Драган Ђилас
61%
Зоран Ђинђић
44%
Синиша Мали
44%
Зоран Радојичић
39%
Бранко Пешић
35%
Небојша Човић
30%
Богдан Богдановић
23%
Ненад Богдановић
23%
Милан Ст. Протић
11%
Нинко Петровић
10%
Слободанка Груден
7%
Живорад Ковачевић
6%
Александар Бакочевић
6%
Радмила Хрустановић
6%
Милош Минић
3%
Михајло Ратковић
1%
Ђурица Јојкић
1%
Милијан Неоричић
1%
Милорад Унковић
1%
Војислав Михаиловић
0%
No matching quizzes found
Score Distribution
Percent of People with Each Score
Percentile by Number Answered
Your Score History
You have not taken this quiz since the last reset